| 000 | 00710nam a2200169 a 4500 | ||
|---|---|---|---|
| 001 | 000033392 | ||
| 005 | 20200930070228.0 | ||
| 008 | 110825s1979 sp 000 0 spa d | ||
| 040 |
_aDO-SdBNP _bspa _cBNPHU |
||
| 100 | 1 |
_aGomez Gomez, Amalia _958961 |
|
| 245 | 1 | 4 |
_aLas visitas de la real hacienda novohispana en el reinado de Felipe V (1710-1733) / _cAmalia Gomez Gomez ; prólogo Luis Navarro García. |
| 260 |
_aSevilla : _bEscuela de Estudios Hispanoamericanos, _c1979. |
||
| 300 |
_a273 p. ; _c24 cm. |
||
| 490 | 1 |
_aPublicaciones de la Escuela de Estudios Hispano-Americanos _v259 |
|
| 700 | 1 |
_aNavarro García, Luis _914972 |
|
| 830 | 0 |
_aPublicaciones de la Escuela de Estudios Hispano-Americanos _v259 _958962 |
|
| 999 |
_c32883 _d32883 |
||